Examen de la crisis de el Rmo. Padre Maestro Don Benito Geronimo Feijoo, monge benedictino sobre el Arte Luliana : (Record no. 161480)

MARC details
000 -LEADER
campo de control de longitud fija 01315nam a22002535i 4500
001 - NÚMERO DE CONTROL
campo de control 161480
003 - IDENTIFICADOR DE NÚMERO DE CONTROL
campo de control ES-MaACL
005 - FECHA Y HORA DE LA ÚLTIMA TRANSACCIÓN
campo de control 20250803063059.0
008 - DATOS DE LONGITUD FIJA--INFORMACIÓN GENERAL
campo de control de longitud fija 960320s1749 sp |||| | spa d
040 ## - FUENTE DE CATALOGACIÓN
Centro catalogador/agencia de origen CAV
Lengua de catalogación spa
Centro/agencia transcriptor CCPB | SIC
100 1# - ENTRADA PRINCIPAL--NOMBRE DE PERSONA
Nombre de persona Pascual, Antonio Raimundo,
Fechas asociadas al nombre 1708-1791
Término indicativo de función/relación Autor
9 (RLIN) 130875
245 10 - MENCIÓN DEL TÍTULO
Título Examen de la crisis de el Rmo. Padre Maestro Don Benito Geronimo Feijoo, monge benedictino sobre el Arte Luliana :
Resto del título en el cual se manifiesta la santidad y culto del iluminado doctor... B. Raymundo Lulio, la pureza de su doctrina, y la utilidad de su arte y ciencia general.
Número de parte o sección de la obra Tomo primero /
Mención de responsabilidad, etc. escrito por el R.P.M.D. Antonio Raymundo Pasqual Monge Cisterciense...
260 ## - PUBLICACIÓN, DISTRIBUCIÓN, ETC.
Lugar de publicación, distribución, etc. En Madrid :
Nombre del editor, distribuidor, etc. En la Imprenta de Lorenzo Francisco Mojados,
Fecha de publicación, distribución, etc. 1749
300 ## - DESCRIPCIÓN FÍSICA
Extensión [40], 214, XXXIX, [11] páginas ;
Dimensiones
530 ## - NOTA DISPONIBLE DE FORMULARIO FÍSICO ADICIONAL
Nota de formato físico adicional disponible Disponible en formato digital
597 ## - NOTA A LA DESCRIPCION FISICA
Nota Sign.: ¶-5¶4, A-Z4, Aa-Dd4, a-f4, g².
650 #7 - PUNTO DE ACCESO ADICIONAL DE MATERIA--TÉRMINO DE MATERIA
Término de materia o nombre geográfico como elemento de entrada Teología
9 (RLIN) 17457
700 1# - ENTRADA AGREGADA--NOMBRE PERSONAL
Nombre de persona Mojados, Lorenzo Francisco
Término indicativo de función/relación Impresor
9 (RLIN) 130016
852 ## - LOCALIZACIÓN
Ubicación ES-MaACL
Ubicación en estantería Sala Pecera Planta 3
Signatura antigua Olim: G-12063
Número de control de estantería R-1396
Encuadernación Pasta
856 4# - LOCALIZACIÓN Y ACCESO ELECTRÓNICOS
Identificador Uniforme de Recursos <a href="https://bdh-rd.bne.es/viewer.vm?id=0000022908&page=1">https://bdh-rd.bne.es/viewer.vm?id=0000022908&page=1</a>
Texto de enlace Versión en línea: Obra completa (2 v.)
Nota pública (Biblioteca Digital Hispánica)
942 ## - ELEMENTOS DE ENTRADA SECUNDARIOS (KOHA)
Tipo de ítem Koha Libro impreso antiguo
Suprimir en OPAC No
Holdings
Estatus retirado Estado de pérdida Estado de daño No para préstamo Colección Biblioteca de origen Biblioteca actual Ubicación en estantería Fecha de adquisición Fuente de adquisición Total de préstamos Signatura topográfica completa Código de barras Visto por última vez Precio de reemplazo Tipo de ítem Koha
        Libros del s. XVIII Biblioteca del Ateneo de Madrid Biblioteca del Ateneo de Madrid Depósito 17/01/2008     R-1396 1169146 23/02/2023 23/02/2023 Libro impreso antiguo